[Event "Coppa del Mondo FIDE 2025"]
[Site "Goa"]
[Date "04.11.2025"]
[Round "1A"]
[White "Fier, Alexandr"]
[Black "Fedoseev, Vladimir"]
[Result "0-1"]
[WhiteElo "2577"]
[BlackElo "2720"]
[EventDate "2025.11.01"]
[EventType "k.o."]

1. e4 c6 2. d4 d5 3. e5 Bf5 4. Nf3 e6 5. Be2 Ne7 6. O-O c5 7. c3 Nec6 8.
Be3 Nd7 9. Nbd2 Rc8 10. a3 Be7 11. Ne1 Qb6 12. b4 cxd4 13. cxd4 a5 14. bxa5
Nxa5 15. Qa4 Qd8 16. Bd3 Bxd3 17. Nxd3 O-O 18. Rfc1 Ra8 19. Qb5 Nb6 20. Nb2
Ra6 21. a4 Qa8 22. g3 Rc8 23. Rxc8+ Qxc8 24. h4 h6 25. h5 Qc3 26. Kg2 Bf8
27. Rb1 Qc2 28. Rh1 Nc6 29. Nf3 Na7 30. Rc1 Qxc1 31. Qxa6 bxa6 32. Bxc1 Nc6
33. Kf1 Ba3 34. Ke2 Bxb2 35. Bxb2 Nxa4 36. Bc1 Nc3+ 37. Kd3 Ne4 38. Ke3 Na5
39. Ne1 Nb3 40. Ba3 a5 41. Nc2 f5 42. Ke2 Kf7 43. Ke3 Ned2 44. Kd3 Nc4 45.
f3 a4 46. Bb4 Nc1+ 0-1

[Event "Coppa del Mondo FIDE 2025"]
[Site "Goa"]
[Date "04.11.2025"]
[Round "1A"]
[White "Vidit, Santosh Gujrathi"]
[Black "Oro, Faustino"]
[Result "1/2-1/2"]
[WhiteElo "2716"]
[BlackElo "2509"]
[EventDate "2025.11.01"]
[EventType "k.o."]

1. e4 e5 2. Nf3 Nc6 3. Bb5 Nf6 4. d3 Bc5 5. c3 O-O 6. Bg5 Be7 7. O-O d6 8.
h3 Nh5 9. Be3 f5 10. exf5 Bxf5 11. Nbd2 Bg6 12. Re1 a6 13. Bxc6 bxc6 14. d4
e4 15. Nh2 Qe8 16. Ng4 Kh8 17. f3 exf3 18. Nxf3 Qd7 19. Qd2 Ng3 20. Nf2
Rfe8 21. Bf4 Nf5 22. Bg5 Bf8 23. c4 Qf7 24. b3 Ng3 25. Bh4 Nf5 26. Bg5 Ng3
27. Bh4 Nf5 28. Bg5 1/2-1/2

[Event "Coppa del Mondo FIDE 2025"]
[Site "Goa"]
[Date "04.11.2025"]
[Round "1A"]
[White "Karthik, Venkataraman"]
[Black "Aravindh, Chithambaram Vr."]
[Result "1/2-1/2"]
[WhiteElo "2579"]
[BlackElo "2711"]
[EventDate "2025.11.01"]
[EventType "k.o."]

1. e4 c5 2. Nf3 Nc6 3. d4 cxd4 4. Nxd4 Nf6 5. Nc3 e5 6. Ndb5 d6 7. Nd5 Nxd5
8. exd5 Nb8 9. c4 Be7 10. c5 O-O 11. Bd3 Bd7 12. cxd6 Bxb5 13. dxe7 Qxe7
14. O-O Bxd3 15. Qxd3 Rd8 16. Rd1 Nc6 17. Be3 Qd7 18. Qb3 Ne7 19. Rac1 h6
20. h3 Nf5 21. Qc3 Qe7 22. Bc5 Qf6 23. Qf3 b6 24. Be3 Rac8 25. Rxc8 Rxc8
26. Rc1 Rxc1+ 27. Bxc1 Qg6 28. Qe4 Nd4 29. Qxg6 fxg6 30. Kf1 Kf7 31. Bd2
Nb5 32. Ke2 Nc7 33. Bc3 e4 34. d6 Nd5 35. Be5 h5 36. f3 Ke6 37. Bxg7 exf3+
38. Kxf3 Kxd6 39. Ke4 Ke6 40. a4 a6 41. Bd4 Kd6 42. Bf2 Ke6 43. Be1 Ne7 44.
a5 bxa5 45. Bxa5 Nf5 46. Be1 g5 47. Bd2 Nd6+ 48. Kd4 g4 49. hxg4 hxg4 50.
Bb4 Nf5+ 51. Ke4 Nh4 52. g3 Nf3 53. Bc5 Nh2 54. Ba3 Kd7 55. Bc5 1/2-1/2

[Event "Coppa del Mondo FIDE 2025"]
[Site "Goa"]
[Date "04.11.2025"]
[Round "1A"]
[White "Liang, Awonder"]
[Black "Warmerdam, Max"]
[Result "1-0"]
[WhiteElo "2710"]
[BlackElo "2582"]
[EventDate "2025.11.01"]
[EventType "k.o."]

1. e4 e5 2. Nf3 Nc6 3. Bb5 Nf6 4. d3 d6 5. c3 a6 6. Ba4 Bd7 7. O-O Ne7 8.
Bc2 Ng6 9. Re1 Be7 10. Nbd2 O-O 11. Nf1 c5 12. Ng3 b5 13. h3 Qc7 14. Nf5
Bd8 15. a4 Rb8 16. axb5 axb5 17. d4 Re8 18. dxc5 dxc5 19. Be3 Bxf5 20. exf5
Nf4 21. Ng5 N4d5 22. Bc1 c4 23. Qf3 Be7 24. Qg3 Nf4 25. Qf3 Rbd8 26. Bxf4
exf4 27. Re2 Bf8 28. Ne4 Nxe4 29. Bxe4 Rd7 30. Qh5 Qb6 31. Qh4 Red8 32.
Rae1 Rd2 33. Bf3 Rxe2 34. Rxe2 Rd1+ 35. Kh2 Qd6 36. Re8 Rd2 37. Qg4 Rxf2
38. f6 g6 39. Qg5 Rxf3 40. gxf3 Qd2+ 41. Qg2 Qd6 42. Qf2 Qc6 43. Rb8 Qd6
44. Rxb5 Qxf6 45. Rb8 Qd6 46. Re8 Qd7 47. Re4 Qb5 48. Qe2 Qg5 49. Qg2 Qb5
50. Kh1 Bc5 51. Qd2 Be3 52. Qd8+ Kg7 53. Re8 Kh6 54. Rg8 Kh5 55. Rh8 h6 56.
h4 Qe5 57. Qf8 Kxh4 58. Qxh6+ Kg3 59. Qh2+ Kxf3 60. Qg2# 1-0

[Event "Coppa del Mondo FIDE 2025"]
[Site "Goa"]
[Date "04.11.2025"]
[Round "1A"]
[White "Kourkoulos-Arditis, Stamatis"]
[Black "Nihal, Sarin"]
[Result "1/2-1/2"]
[WhiteElo "2583"]
[BlackElo "2700"]
[EventDate "2025.11.01"]
[EventType "k.o."]

1. Nf3 d5 2. g3 g6 3. c4 dxc4 4. Na3 Bg7 5. Nxc4 Nc6 6. d3 e5 7. Bd2 a5 8.
Bg2 Nge7 9. Bc3 f6 10. O-O O-O 11. b3 Be6 12. a3 a4 13. Nfd2 axb3 14. Qxb3
Qd7 15. a4 b6 16. Rfc1 Rad8 17. Qb5 Bh6 18. e3 Bd5 19. Bf1 Rb8 20. Bb4 Rfd8
21. Ne4 Bg7 22. Bxe7 Nxe7 23. Qxd7 Rxd7 24. Nc3 Bf7 25. Rab1 Ra8 26. Bg2
Rad8 27. Nb5 f5 28. Nb2 e4 29. d4 c6 30. Nc3 c5 31. dxc5 bxc5 32. Bf1 Nc6
33. Bb5 Rc7 34. Nc4 Nb4 35. Ne2 g5 36. Rd1 Rd3 37. Nd6 Bh5 38. Kf1 Bg4 39.
Ne8 Ra7 40. Nxg7 Kxg7 41. Rxd3 exd3 42. Nc3 f4 43. gxf4 gxf4 44. Ke1 fxe3
45. fxe3 Rf7 46. a5 Bc8 47. Nd1 Rb7 48. Nc3 Rf7 49. Nd1 Rb7 50. Nc3 Kh6 51.
Rb2 Ra7 52. Kd2 Rxa5 53. Bxd3 Ra7 54. Bc4 Bf5 55. e4 Bg6 56. Nd5 Nc6 57.
Rb5 Ne5 58. Rxc5 Ra5 59. Rc7 Bxe4 60. Nc3 Bg6 61. Be2 Ra1 62. Rc5 Nd7 63.
Rd5 Nf6 64. Rd6 Kg7 65. Rd4 Rh1 66. h4 Rh3 67. Ra4 h5 68. Ra7+ Kh6 69. Ra4
Bf5 70. Ra6 Kg7 71. Ra7+ Kg6 72. Ra4 Bg4 73. Bd3+ Kf7 74. Bc4+ Ke7 75. Nd5+
Nxd5 76. Bxd5 Kd6 77. Bb7 Ke5 78. Ra5+ Kf4 79. Ra4+ Kg3 80. Ra3+ Kxh4 81.
Rxh3+ Bxh3 82. Ke1 Kg3 83. Bd5 h4 84. Bc6 Bc8 85. Kf1 h3 86. Kg1 h2+ 87.
Kh1 Bg4 88. Bd5 Bf3+ 89. Bxf3 Kxf3 90. Kxh2 1/2-1/2

[Event "Coppa del Mondo FIDE 2025"]
[Site "Goa"]
[Date "04.11.2025"]
[Round "1A"]
[White "Sevian, Samuel"]
[Black "Tin, Jingyao"]
[Result "1/2-1/2"]
[WhiteElo "2698"]
[BlackElo "2583"]
[EventDate "2025.11.01"]
[EventType "k.o."]

1. d4 d5 2. c4 e6 3. Nc3 Nf6 4. cxd5 exd5 5. Bf4 Bd6 6. Bxd6 Qxd6 7. e3 Bf5
8. Rc1 c6 9. Nge2 O-O 10. Ng3 Bg6 11. h4 h6 12. h5 Bh7 13. Bd3 Bxd3 14.
Qxd3 Nbd7 15. Nf5 Qe6 16. f3 Nb6 17. Rc2 Nc4 18. g4 Rfe8 19. Re2 Nd6 20. e4
dxe4 21. fxe4 Nxg4 22. Qf3 Nf6 23. Nxd6 Qxd6 24. e5 Qxd4 25. exf6 Rxe2+ 26.
Nxe2 Re8 27. Qc3 Qg4 28. Qd3 Qb4+ 29. Qc3 Qg4 30. Qd3 Qb4+ 31. Qc3 1/2-1/2

[Event "Coppa del Mondo FIDE 2025"]
[Site "Goa"]
[Date "04.11.2025"]
[Round "1A"]
[White "Nesterov, Arseniy"]
[Black "Harikrishna, Pentala"]
[Result "1/2-1/2"]
[WhiteElo "2584"]
[BlackElo "2697"]
[EventDate "2025.11.01"]
[EventType "k.o."]

1. c4 e6 2. Nc3 d5 3. d4 Be7 4. Nf3 Nf6 5. g3 O-O 6. Bg2 dxc4 7. Ne5 c5 8.
dxc5 Qxd1+ 9. Nxd1 Bxc5 10. Ne3 Nd5 11. Nxd5 exd5 12. Bxd5 Bb4+ 13. Bd2
Bxd2+ 14. Kxd2 Rd8 15. e4 Be6 16. Kc3 Bxd5 17. exd5 Na6 18. Rad1 Rac8 19.
Rhe1 f6 20. Nf3 Nc7 21. Kxc4 Nxd5+ 22. Kb3 Rd6 23. a4 Rcd8 24. Rd4 Kf7 25.
Red1 a6 26. R1d2 Ke6 27. Re2+ Kf7 28. Red2 Ke6 29. Re2+ Kf7 30. Red2 Ke6
1/2-1/2

[Event "Coppa del Mondo FIDE 2025"]
[Site "Goa"]
[Date "04.11.2025"]
[Round "1A"]
[White "Van Foreest, Jorden"]
[Black "Suleymenov, Alisher"]
[Result "1/2-1/2"]
[WhiteElo "2697"]
[BlackElo "2491"]
[EventDate "2025.11.01"]
[EventType "k.o."]

1. e4 e5 2. Bc4 Nf6 3. d3 c6 4. Nf3 d5 5. Bb3 Bd6 6. Nc3 O-O 7. O-O dxe4 8.
Nxe4 Nxe4 9. dxe4 Na6 10. Be3 Qe7 11. Qd2 Be6 12. Rfd1 Bc5 13. Qc3 Bxe3 14.
Qxe3 Bg4 15. Rd2 Nc5 16. Rad1 Nxb3 17. axb3 Rad8 18. h3 Bxf3 19. gxf3 a6
20. Kf1 h6 21. Ke2 Kh7 22. Rd3 Kg8 23. Qd2 Rxd3 24. Qxd3 Qc5 25. Qc4 Qe7
26. b4 Rd8 27. Rxd8+ Qxd8 28. Qc5 Qg5 29. c3 Qc1 30. Qxe5 Qxb2+ 31. Kf1
Qc1+ 32. Ke2 Qc2+ 33. Ke3 Qc1+ 34. Ke2 Qc2+ 35. Ke3 1/2-1/2

[Event "Coppa del Mondo FIDE 2025"]
[Site "Goa"]
[Date "04.11.2025"]
[Round "1A"]
[White "Motylev, Alexander"]
[Black "Maghsoodloo, Parham"]
[Result "1/2-1/2"]
[WhiteElo "2586"]
[BlackElo "2697"]
[EventDate "2025.11.01"]
[EventType "k.o."]

1. e4 c6 2. Nc3 d5 3. Nf3 Bg4 4. h3 Bxf3 5. Qxf3 e6 6. Be2 d4 7. Nb1 Bd6 8.
c3 Ne7 9. cxd4 Bc7 10. Na3 Bb6 11. Nc2 Bxd4 12. Nxd4 Qxd4 13. Qb3 b6 14. d3
c5 15. Be3 Qd6 16. Qa4+ Nbc6 17. O-O O-O 18. Rac1 Rfd8 19. Rfd1 Nd4 20.
Bxd4 Qxd4 21. Qxd4 Rxd4 22. Rc4 Nc6 23. f4 e5 24. g3 Rad8 25. Rxd4 Nxd4 26.
Kf2 Kf8 27. Rc1 a5 28. a3 Ke7 29. Ke3 Kd6 30. Rf1 Rd7 31. h4 f6 32. Bd1 Rc7
33. b3 b5 34. Kd2 c4 35. dxc4 bxc4 36. bxc4 Rxc4 37. Re1 Rc5 38. Re3 Rb5
39. Kc1 exf4 40. gxf4 Ne6 41. Rd3+ Ke7 42. f5 Nf8 43. h5 Rb7 44. Rd5 Ra7
45. Ba4 h6 46. Kd2 Nh7 47. Ke3 Ng5 48. Rc5 Nf7 49. Bb5 Ne5 50. Kd4 Kd6 51.
Rd5+ Kc7 52. a4 Ra8 53. Kc5 Rc8 54. Ba6 Ra8 55. Bb5 Rc8 56. Ba6 Ra8 57. Bb5
1/2-1/2

[Event "Coppa del Mondo FIDE 2025"]
[Site "Goa"]
[Date "04.11.2025"]
[Round "1A"]
[White "Esipenko, Andrey"]
[Black "Abasov, Nijat"]
[Result "1-0"]
[WhiteElo "2693"]
[BlackElo "2587"]
[EventDate "2025.11.01"]
[EventType "k.o."]

1. e4 e5 2. Nf3 Nc6 3. Bc4 Nf6 4. d3 d5 5. exd5 Nxd5 6. O-O Be7 7. Re1 f6
8. Bd2 Bg4 9. h3 Bh5 10. Nc3 Nxc3 11. Bxc3 Qd6 12. Rb1 O-O-O 13. b4 Bxf3
14. Qxf3 Nd4 15. Bxd4 Qxd4 16. c3 Qd7 17. d4 Bd6 18. Ba6 c6 19. b5 c5 20.
b6 bxa6 21. bxa7 Qxa7 22. Qc6+ Bc7 23. Qe6+ Rd7 24. dxc5 Qxc5 25. Qxa6+ Kd8
26. Qa8+ 1-0

[Event "Coppa del Mondo FIDE 2025"]
[Site "Goa"]
[Date "04.11.2025"]
[Round "1A"]
[White "Huschenbeth, Niclas"]
[Black "Yakubboev, Nodirbek"]
[Result "1/2-1/2"]
[WhiteElo "2587"]
[BlackElo "2689"]
[EventDate "2025.11.01"]
[EventType "k.o."]

1. e4 e5 2. Nf3 Nc6 3. Bc4 d6 4. O-O Be7 5. a4 Nf6 6. d3 Na5 7. Ba2 c5 8.
c3 Nc6 9. Na3 O-O 10. Bg5 Kh8 11. Nc4 h6 12. Bd2 Be6 13. b4 cxb4 14. cxb4
d5 15. exd5 Nxd5 16. Ncxe5 Ncxb4 17. Nd4 Qb6 18. Nxe6 Qxe6 19. Bxb4 Qxe5
20. Bxd5 Bxb4 21. Bxb7 Rad8 22. Ba6 Qf6 23. Bb5 a6 24. Bc4 a5 25. Bb5 Rc8
26. Rc1 Rc3 27. Rxc3 Bxc3 28. Qe2 Rc8 29. Rc1 Rc5 30. d4 Bxd4 31. Rxc5 Bxc5
32. g3 1/2-1/2

[Event "Coppa del Mondo FIDE 2025"]
[Site "Goa"]
[Date "04.11.2025"]
[Round "1A"]
[White "Bluebaum, Matthias"]
[Black "Adly, Ahmed"]
[Result "1-0"]
[WhiteElo "2687"]
[BlackElo "2589"]
[EventDate "2025.11.01"]
[EventType "k.o."]

1. d4 Nf6 2. c4 e6 3. Nc3 d5 4. cxd5 Nxd5 5. e4 Nxc3 6. bxc3 c5 7. Rb1 Be7
8. Nf3 O-O 9. h4 b6 10. Bd3 Ba6 11. Bxa6 Nxa6 12. h5 cxd4 13. cxd4 f5 14.
exf5 Rxf5 15. h6 g6 16. O-O Qd5 17. Rb3 Nb4 18. Qe2 Rc8 19. Ba3 Nxa2 20.
Qb2 Nc3 21. Bxe7 Ne2+ 22. Qxe2 Qxb3 23. d5 Qxd5 24. Rd1 Qc4 25. Rd8+ Kf7
26. Ne5+ Kxe7 27. Nxc4 Rxd8 28. Ne5 Rd5 29. Ng4 Rf4 30. g3 Rfd4 31. Qf3 Rf5
32. Qa3+ Ke8 33. Qxa7 Rxg4 34. Qxh7 Rf8 35. Qg7 b5 36. h7 b4 37. Kg2 Rg5
38. Qxf8+ Kxf8 39. h8=Q+ Kf7 40. Qh7+ Ke8 41. Qg8+ Ke7 42. Qg7+ Kd6 43.
Qd4+ Rd5 44. Qxb4+ Kd7 45. Qf8 g5 46. Kh3 Rf5 47. Qg7+ Ke8 48. Qa7 Rd5 49.
Kg4 Rf5 50. Kh5 1-0

[Event "Coppa del Mondo FIDE 2025"]
[Site "Goa"]
[Date "04.11.2025"]
[Round "1A"]
[White "Bai, Jinshi"]
[Black "Dubov, Daniil"]
[Result "1/2-1/2"]
[WhiteElo "2590"]
[BlackElo "2684"]
[EventDate "2025.11.01"]
[EventType "k.o."]

1. d4 Nf6 2. c4 e6 3. Nc3 d5 4. cxd5 exd5 5. Bg5 Be7 6. e3 O-O 7. Bd3 Re8
8. Nf3 h6 9. Bf4 c5 10. O-O Nc6 11. Rc1 c4 12. Bb1 Bd6 13. Bxd6 Qxd6 14. b3
cxb3 15. Qxb3 Rb8 16. h3 Be6 17. Qb2 Bd7 18. Rfd1 Rec8 19. Ne2 Rc7 20. Ne5
Rbc8 21. Nxd7 Nxd7 22. Nf4 a6 23. Qb3 Ne7 24. Rxc7 Rxc7 25. a4 Nf6 26. Ne2
g6 27. Rc1 Kg7 28. Rxc7 Qxc7 29. Nc3 h5 30. Bd3 h4 1/2-1/2

[Event "Coppa del Mondo FIDE 2025"]
[Site "Goa"]
[Date "04.11.2025"]
[Round "1A"]
[White "Alekseenko, Kirill"]
[Black "Woodward, Andy"]
[Result "1/2-1/2"]
[WhiteElo "2679"]
[BlackElo "2590"]
[EventDate "2025.11.01"]
[EventType "k.o."]

1. e4 e5 2. Nf3 Nc6 3. Bc4 Bc5 4. d3 d6 5. a4 Nf6 6. Nc3 Nd4 7. Nxd4 Bxd4
8. Ne2 Bc5 9. O-O c6 10. c3 a5 11. d4 Ba7 12. Ng3 exd4 13. cxd4 O-O 14. Bb3
Re8 15. Qd3 Nxe4 16. Nxe4 Bf5 17. Bxf7+ Kxf7 18. Qf3 Qd7 19. Ng3 g6 20.
Nxf5 Qxf5 21. Qb3+ Qd5 22. Qxb7+ Kg8 23. Be3 Reb8 24. Qd7 Rd8 25. Qg4 Rab8
26. Rac1 Rf8 27. Rfd1 Rb4 28. h4 Rxa4 29. h5 Qf5 30. Qxf5 gxf5 31. Rxc6 f4
32. Bc1 d5 33. Rd6 Ra1 34. Rxd5 Rc8 35. Kh2 Kf8 36. Rf5+ Kg8 37. Rd5 Kf8
38. Rd7 Bb6 39. Rb7 Bd8 40. Rxh7 Bf6 41. Ra7 Rcxc1 42. Rxc1 Rxc1 43. Rxa5
Bxd4 44. Ra4 Bxb2 45. Rxf4+ Kg7 46. Rb4 Bf6 47. g4 Rc3 48. f4 Bh4 49. g5
Re3 50. Rb7+ Kg8 51. Rb8+ Kg7 52. h6+ Kg6 53. f5+ Kxg5 54. h7 Bg3+ 55. Kg2
Be5 56. Re8 Rg3+ 57. Kh2 Rg4+ 58. Rxe5 1/2-1/2

[Event "Coppa del Mondo FIDE 2025"]
[Site "Goa"]
[Date "04.11.2025"]
[Round "1A"]
[White "Yilmaz, Mustafa"]
[Black "Bu, Xiangzhi"]
[Result "1/2-1/2"]
[WhiteElo "2591"]
[BlackElo "2672"]
[EventDate "2025.11.01"]
[EventType "k.o."]

1. d4 Nf6 2. c4 e6 3. Nc3 Bb4 4. e3 O-O 5. Bd3 d5 6. a3 Bxc3+ 7. bxc3 dxc4
8. Bxc4 c5 9. Ne2 Qc7 10. Ba2 b6 11. O-O Ba6 12. Re1 Nc6 13. Ng3 Rfd8 14.
Rb1 Rac8 15. Rb2 cxd4 16. cxd4 Ne5 17. Rd2 Nd3 18. Rxd3 Qxc1 19. Qxc1 Rxc1
20. Rxc1 Bxd3 21. f3 Ba6 22. Kf2 Kf8 23. Ne2 Ne8 24. Bc4 Bxc4 25. Rxc4 Ke7
26. e4 Nd6 27. Rc1 Nb5 28. a4 Nxd4 29. Rc7+ Kf8 30. Nxd4 Rxd4 31. Rxa7 Rd2+
32. Kg3 g5 1/2-1/2

[Event "Coppa del Mondo FIDE 2025"]
[Site "Goa"]
[Date "04.11.2025"]
[Round "1A"]
[White "Sargsyan, Shant"]
[Black "Cori, Jorge"]
[Result "1/2-1/2"]
[WhiteElo "2667"]
[BlackElo "2594"]
[EventDate "2025.11.01"]
[EventType "k.o."]

1. e4 c5 2. Nf3 d6 3. d4 cxd4 4. Nxd4 Nf6 5. Nc3 Nc6 6. Bb5 Bd7 7. Be3 g6
8. f3 Bg7 9. Qd2 O-O 10. O-O-O Ne5 11. Be2 Rc8 12. Kb1 a6 13. h4 h5 14. Bh6
Rc5 15. Bxg7 Kxg7 16. f4 Neg4 17. Nb3 Rc8 18. Bf3 Qc7 19. Rhe1 Rfe8 20. a3
b5 21. Nd5 Nxd5 22. exd5 Qb6 23. Nd4 Nh6 24. Qe3 Qc5 25. Be4 b4 26. a4 Ng4
27. Qd2 f5 28. Bf3 Nf6 29. Ne6+ Bxe6 30. Rxe6 Kf7 31. Rde1 Rc7 32. g3
1/2-1/2

[Event "Coppa del Mondo FIDE 2025"]
[Site "Goa"]
[Date "04.11.2025"]
[Round "1A"]
[White "Cheng, Bobby"]
[Black "Leko, Peter"]
[Result "1/2-1/2"]
[WhiteElo "2596"]
[BlackElo "2666"]
[EventDate "2025.11.01"]
[EventType "k.o."]

1. d4 Nf6 2. c4 e6 3. g3 d5 4. Bg2 Be7 5. Nf3 O-O 6. O-O dxc4 7. Ne5 Nc6 8.
Bxc6 bxc6 9. Nxc6 Qe8 10. Nxe7+ Qxe7 11. Nc3 c5 12. dxc5 Qxc5 13. Be3 Qh5
14. f3 e5 15. Nd5 Nxd5 16. Qxd5 Be6 17. Qe4 Qf5 18. Qxf5 Bxf5 19. Bd2 Rab8
20. Bc3 e4 21. f4 Bh3 22. Rfc1 e3 23. Rd1 f6 24. Rd4 Rbc8 25. Rad1 Rfe8 26.
Rd6 Kf7 27. R1d5 Rc7 28. Bd4 Rb8 29. Bc3 h6 30. f5 Rbb7 31. a3 Re7 32. Bb4
h5 33. Rd8 Re8 34. Rxe8 1/2-1/2

[Event "Coppa del Mondo FIDE 2025"]
[Site "Goa"]
[Date "04.11.2025"]
[Round "1A"]
[White "Murzin, Volodar"]
[Black "Meier, Georg"]
[Result "0-1"]
[WhiteElo "2664"]
[BlackElo "2596"]
[EventDate "2025.11.01"]
[EventType "k.o."]

1. d4 d5 2. c4 e6 3. Nc3 Nf6 4. cxd5 exd5 5. Bg5 Be7 6. e3 O-O 7. Bd3 Re8
8. Nge2 Nbd7 9. h3 a6 10. O-O b6 11. Ng3 Bb7 12. Nf5 Bf8 13. Rc1 c5 14. Qf3
h6 15. Bf4 Re6 16. Rfd1 Qc8 17. Be2 c4 18. Qg3 Kh8 19. Nd6 Bxd6 20. Bxd6 b5
21. a3 Bc6 22. a4 Qb7 23. axb5 axb5 24. Bb4 Nb6 25. Bf3 Na4 26. Rb1 Qc8 27.
Ne2 Ne4 28. Qh2 Re8 29. Bg4 Bd7 30. Bh5 Kg8 31. b3 Nb6 32. Qf4 Nf6 33. Bf3
Bf5 34. Rbc1 Be4 35. Bg4 Qb7 36. Ng3 Ra2 37. Bd6 Nxg4 38. Qxg4 Bg6 39. bxc4
Nxc4 40. Bb4 Ra4 41. Be1 b4 42. h4 b3 43. h5 Bh7 44. Nf5 Bxf5 45. Qxf5 b2
46. Rb1 Na3 47. Bc3 Nxb1 48. Rxb1 Qc8 0-1

[Event "Coppa del Mondo FIDE 2025"]
[Site "Goa"]
[Date "04.11.2025"]
[Round "1A"]
[White "Zemlyanskii, Ivan"]
[Black "Robson, Ray"]
[Result "1-0"]
[WhiteElo "2596"]
[BlackElo "2664"]
[EventDate "2025.11.01"]
[EventType "k.o."]

1. d4 Nf6 2. c4 e6 3. Nc3 Bb4 4. e3 O-O 5. Bd3 d5 6. cxd5 exd5 7. Ne2 Re8
8. Bd2 b6 9. Rc1 Ba6 10. Bxa6 Nxa6 11. Qa4 Qc8 12. O-O Qb7 13. Rfd1 Rac8
14. Nf4 c6 15. Nd3 Bd6 16. b4 Nc7 17. Qb3 Ne6 18. Rc2 h5 19. Rdc1 h4 20. h3
Ne4 21. Be1 Qd7 22. f4 Nxc3 23. Rxc3 Nf8 24. Bf2 Ng6 25. Qd1 c5 26. bxc5
bxc5 27. Nxc5 Bxc5 28. dxc5 d4 29. Rc4 d3 30. c6 Qd5 31. R1c3 d2 32. c7 Re7
33. Rc2 Qa5 34. Rxd2 Rcxc7 35. Rd8+ Kh7 36. Rd5 Qb6 37. Rh5+ Kg8 38. Qd8+
Nf8 39. Qxf8+ Kxf8 40. Rh8# 1-0

[Event "Coppa del Mondo FIDE 2025"]
[Site "Goa"]
[Date "04.11.2025"]
[Round "1A"]
[White "Nguyen, Thai Dai Van"]
[Black "Iniyan, Pa"]
[Result "1/2-1/2"]
[WhiteElo "2664"]
[BlackElo "2599"]
[EventDate "2025.11.01"]
[EventType "k.o."]

1. c4 Nf6 2. Nc3 c5 3. g3 e6 4. Nf3 b6 5. Bg2 Bb7 6. O-O Be7 7. d4 cxd4 8.
Qxd4 Nc6 9. Qf4 O-O 10. Rd1 Qb8 11. Qxb8 Raxb8 12. Bf4 Rbc8 13. Ne5 d6 14.
Nxc6 Bxc6 15. e4 Rfd8 16. a4 a5 17. Rac1 Kf8 18. Nb5 Bxe4 19. Nxd6 Bxd6 20.
Rxd6 Rxd6 21. Bxd6+ Ke8 22. Be5 Bxg2 23. Kxg2 Ke7 24. b3 g6 25. Bxf6+ Kxf6
26. Kf3 Ke7 27. Ke3 Rc5 28. h4 Re5+ 29. Kd3 Rf5 30. f4 e5 31. Re1 f6 32.
Ke4 exf4 33. gxf4 Kd6 34. Rd1+ Kc5 35. Rd7 Rh5 36. Rc7+ Kd6 37. Rf7 f5+ 38.
Kd4 Rxh4 39. Rf6+ Kc7 40. Kd5 Rh3 41. Rf7+ Kb8 42. Kc6 Rxb3 43. Rf8+ Ka7
44. Rf7+ Ka6 45. Rf8 Ka7 1/2-1/2

[Event "Coppa del Mondo FIDE 2025"]
[Site "Goa"]
[Date "04.11.2025"]
[Round "1A"]
[White "Idani, Pouya"]
[Black "Karthikeyan, Murali"]
[Result "1/2-1/2"]
[WhiteElo "2601"]
[BlackElo "2669"]
[EventDate "2025.11.01"]
[EventType "k.o."]

1. e4 e5 2. Nf3 Nc6 3. Bc4 Nf6 4. Ng5 d5 5. exd5 Na5 6. Bb5+ c6 7. dxc6
bxc6 8. Bd3 Nd5 9. Nf3 Bd6 10. O-O O-O 11. Re1 f5 12. Nxe5 Qf6 13. Nf3 g5
14. Nc3 g4 15. Rb1 Nb4 16. Be2 Be6 17. d3 gxf3 18. Bxf3 Rae8 19. a3 Nd5 20.
Ne2 Nb7 21. c4 Ne7 22. b4 Nd8 23. Ng3 Qh4 24. Qd2 Ng6 25. Bb2 Bd7 26. b5
Ne5 27. Bh5 Re6 28. c5 Bb8 29. f4 Ng4 30. Bxg4 Qxg4 31. Qc3 Qg6 32. Qd4 Bc8
33. a4 Rfe8 34. Rf1 R6e7 35. Rf3 Ne6 36. Qc4 Bb7 37. Ne4 cxb5 38. axb5 fxe4
39. Rg3 exd3 40. c6 Bc8 41. f5 Bxg3 42. fxg6 Bc7 43. Bf6 hxg6 44. Bxe7 Rxe7
45. Rd1 Bb6+ 46. Kh1 Kg7 47. Qe4 Rf7 48. Qxd3 Nd4 49. Qe4 Ne6 50. Qe5+ Kh7
51. h3 Ng7 52. g4 Rf3 53. Kg2 Rf2+ 54. Kh1 Rf3 55. Kg2 Rf2+ 56. Kg3 Rf7 57.
Qa1 Ne6 58. Rf1 Bc7+ 59. Kg2 Nf4+ 60. Rxf4 Bxf4 61. Qe1 Kg7 62. Qe8 Rf8 63.
Qe7+ Rf7 64. Qe8 Rf8 65. Qe7+ Rf7 66. Qe4 g5 67. Qe8 Rf8 68. Qe7+ Rf7 69.
Qe8 Rf8 70. Qe7+ Rf7 71. Qe4 Kf8 72. Qd4 Be6 73. Qd8+ Kg7 74. Qd4+ Kf8 75.
Qd8+ Kg7 76. Qd4+ 1/2-1/2

[Event "Coppa del Mondo FIDE 2025"]
[Site "Goa"]
[Date "04.11.2025"]
[Round "1A"]
[White "Saric, Ivan"]
[Black "Daneshvar, Bardiya"]
[Result "1-0"]
[WhiteElo "2655"]
[BlackElo "2598"]
[EventDate "2025.11.01"]
[EventType "k.o."]

1. e4 e5 2. Nf3 Nc6 3. Nc3 Nf6 4. Bb5 Bb4 5. O-O O-O 6. d3 Bxc3 7. bxc3 d6
8. Nd2 Bd7 9. f4 exf4 10. Rxf4 Ne5 11. Bxd7 Nfxd7 12. Rb1 Rb8 13. Nf1 Ng6
14. Rf2 Nb6 15. c4 c6 16. Be3 d5 17. exd5 cxd5 18. Bc5 Re8 19. Bxb6 axb6
20. Qf3 dxc4 21. Qxf7+ Kh8 22. Qxc4 Rf8 23. Rxf8+ Qxf8 24. Ne3 Re8 25. Rf1
Qc5 26. Qxc5 bxc5 27. Kf2 b5 28. a3 Ne5 29. Rb1 Rb8 30. Ke2 Nc6 31. Kd2 Kg8
32. Nd5 Kf7 33. Nc3 b4 34. Ne4 Ra8 35. axb4 cxb4 36. Nc5 Ke7 37. Rf1 Na5
38. Rf4 Kd6 39. Ne4+ Ke5 40. Rf7 Nc6 41. Rc7 Kd5 42. c4+ Kd4 43. Rxc6 Ra2+
44. Kc1 Kxd3 45. Re6 Rxg2 46. c5 Rxh2 47. c6 Rc2+ 48. Kb1 b3 49. Ng3 g6 50.
Ne2 g5 51. Nc1+ Kd4 52. Nxb3+ Kd5 53. Kxc2 Kxe6 54. Nd4+ Kd6 55. Kd3 h5 56.
Kc4 g4 57. Kb5 Kc7 58. Nf5 1-0

[Event "Coppa del Mondo FIDE 2025"]
[Site "Goa"]
[Date "04.11.2025"]
[Round "1A"]
[White "Henriquez Villagra, Cristobal"]
[Black "Sarana, Alexey"]
[Result "1/2-1/2"]
[WhiteElo "2594"]
[BlackElo "2686"]
[EventDate "2025.11.01"]
[EventType "k.o."]

1. e4 e5 2. Nf3 Nc6 3. Bc4 Nf6 4. d3 Be7 5. Nc3 d6 6. a3 O-O 7. O-O Be6 8.
Nd5 Qd7 9. h3 Rae8 10. Be3 Bd8 11. Bb3 Bxd5 12. exd5 Ne7 13. c4 c6 14. dxc6
bxc6 15. d4 e4 16. Nh2 Nf5 17. Rc1 Re6 18. Re1 d5 19. Nf1 Bb6 20. Ba4 Rd8
21. Re2 h6 22. Rec2 dxc4 23. Rxc4 Nxd4 24. Bxd4 Bxd4 25. Qe2 Qb7 26. b4
Rdd6 27. Qc2 Qa6 28. Bb3 Re5 29. a4 Qb7 30. a5 a6 31. Ba4 Qe7 32. Bxc6 Nh5
33. Rd1 e3 34. Bf3 exf2+ 35. Kh2 Re1 36. Bxh5 g6 37. Rdxd4 Rxf1 38. Rf4
gxh5 39. Rc8+ Rd8 40. Rxd8+ Qxd8 41. Qc4 Qd6 42. Qxf7+ Kh8 43. Qe8+ Kg7 44.
Qf7+ Kh8 45. Qe8+ Kg7 1/2-1/2